Dibujo Krüsi (Registro nro. 300804)

Detalles MARC
000 -ENCABEZADO
Número de control [NR] 01056nam a22002417a 4500
005 - FECHA Y HORA DE LA ÚLTIMA TRANSACCIÓN
control field 20150824085029.0
008 - DE LONGITUD FIJA DE DATOS DE ELEMENTOS - INFORMACIÓN GENERAL
Elementos de longitud fija [NR] 150810s1878 xxu||||fr|||| 00| 0 spa d
040 ## - FUENTE DE CATALOGACION [NR]
Quien Cataloga Sandra Yazo
Quien Clasifica Sandra Yazo
041 0# - CODIGO DE IDIOMA [R]
Código de idioma para texto/pista de sonido o título separado [R] Español
082 04 - NUMERO DE CLASIFICACION DECIMAL DEWEY [R]
Número de la edición [NR] 20
Número de clasificación [R] 604.2
092 ## - SIGNATURA TOPOGRAFICA LOCAL
Número de clasificación local E36N092
100 1# - ASIENTO PRINCIPAL--NOMBRE PERSONAL [NR]
Nombre personal [NR] Krüsi, Hermann
Fechas asociadas con el nombre [NR] 1775-1844
ID Autoridad 70723
245 10 - MENCION DE TITULO [NR]
Título [NR] Dibujo Krüsi
Parte restante del título [NR] Manual para los maestros
Mención de responsabilidad, etc. [NR] por Hernann Krüsi
260 ## - PUBLICACION, DISTRIBUCION, ETC. (PIE DE IMPRENTA) [R]
Lugar de publicación, distribución, etc. [R] Nueva York (Estados Unidos)
Nombre del editor, distribuidor, etc. [R] D. Appleton y compañía
Fecha de publicación, distribución, etc. [R] 1878
300 ## - DESCRIPCION FISICA [R]
Extensión [R] 79 páginas
Dimensiones [R] 24 x 16 cm.
490 #0 - MENCION DE SERIE [R]
Mención de serie [R] Serie analítica
500 ## - NOTA GENERAL [R]
Nota general [NR] Detalles fisicos: Encuadernación rígida en cartón forrado en cuero. Tapa delantera con letras en dorado. Guardas. Portadas impresas en una sola tinta. Texto en una columna. Varias ilustraciones entre el texto. Papel con varias manchas
505 1# - NOTA DE CONTENIDO CON FORMATO PREESTABLECIDO [R]
Nota de contenido con formato preestablecido [NR] Prólogo ; Ejercicios preliminares ; Figuras rectilíneas ; Figuras curvilíneas ; Curso de aplicación
506 ## - NOTA DE RESTRICCIONES DE ACCESO [R]
Condiciones de acceso [NR] Consulta en sala
650 #7 - ASIENTO SECUNDARIO DE MATERIA - TERMINO TEMATICO [R]
9 (RLIN) 7515
Término temático o nombre geográfico como elemento de entrada [NR] Dibujo
Subdivisión general [R] Manuales
690 ## - ASUNTO AGREGADO LOCAL DE ENTRADA - TÉRMINO TEMÁTICO (OCLC, RLIN)
9 (RLIN) 42746
Acceso temático local Arte
942 ## - ELEMENTOS DE ENTRADA AGREGADOS (KOHA)
Sistema de clasificación LOCAL
Tipo de ítem principal el descrito en 300a Libro
Edición 1
Clasificación E36N092
Existencias
Suprimido Perdido Sistema de clasificación Dañado No prestable Tipo de ítem específico Ubicación habitual Ubicación actual Localización Fecha de creación Forma de adquisición Costo Total préstamos Signatura topográfica Código de barras Última vez visto Ejemplar Price effective from Tipo de ítem
    LOCAL     Libro archivo Archivo Histórico Archivo Histórico Archivo histórico 10/08/2015 Donación 0.00   E36N092 L005057 10/08/2015 Ej.1 10/08/2015 Libro